[Event "NRW-ch U18 Girls"]
[Site "Kranenburg"]
[Date "2009.04.13"]
[Round "1"]
[White "Aydogan, Uelger"]
[Black "Popov, Xenia"]
[Result "0-1"]
[WhiteElo "1023"]
[BlackElo "1503"]
[PlyCount "74"]
[EventDate "2009.04.13"]
[EventType "swiss"]
[EventRounds "7"]
[EventCountry "GER"]
[SourceTitle "EXT 2010"]
[Source "ChessBase"]
[SourceDate "2010.11.25"]
[SourceVersion "1"]
[SourceVersionDate "2010.11.25"]
[SourceQuality "1"]

1. c4 e5 2. Nc3 d6 3. g3 f5 4. Bg2 Nf6 5. e4 c6 6. Nge2 Be6 7. b3 Qb6 8. d4 g6 9. 0-0 Nbd7 10. f4 0-0-0 11. Be3 Bg7 12. Qd3 Ng4 13. Bf2 Nxf2 14. Rxf2 exd4 15. Na4 Qa5 16. Nxd4 fxe4 17. Bxe4 Bg4 18. Nc3 Nc5 19. Qe3 Nxe4 20. Qxe4 Qxc3 21. Nc2 Bf5 22. Qe2 Bxc2 23. Rc1 Qd3 24. Rxc2 Qxe2 25. Rfxe2 Rhe8 26. Kf1 Kd7 27. Rcd2 Rxe2 28. Rxe2 Re8 29. Rc2 d5 30. h3 d4 31. Rd2 c5 32. Re2 Rxe2 33. Kxe2 a6 34. g4 b5 35. a4 bxa4 36. bxa4 Kc6 37. Kd3 Kb6 0-1

[Event "GER-ch U12"]
[Site "Willingen"]
[Date "2005.05.16"]
[Round "4"]
[White "Popov, Xenia"]
[Black "Jussupow, Alexander"]
[Result "0-1"]
[WhiteElo "1306"]
[BlackElo "1943"]
[PlyCount "94"]
[EventDate "2005.05.14"]
[EventType "swiss"]
[EventRounds "11"]
[EventCountry "GER"]
[SourceTitle "CBM 106 Extra"]
[Source "ChessBase"]
[SourceDate "2005.07.01"]
[SourceVersion "1"]
[SourceVersionDate "2005.07.01"]
[SourceQuality "1"]

1. d4 d5 2. Nf3 Nf6 3. Bf4 e6 4. e3 c5 5. c3 Nc6 6. Bd3 cxd4 7. exd4 Be7 8. 0-0 0-0 9. Nbd2 a6 10. Qc2 Bd7 11. Rfe1 Rc8 12. Qb3 Nh5 13. Be3 Na5 14. Qd1 Nf6 15. Ne5 Bd6 16. Ndf3 Nc6 17. Bf4 Qc7 18. Nxd7 Qxd7 19. Bxd6 Qxd6 20. Ne5 b5 21. Rc1 Nd7 22. Nxd7 Qxd7 23. Re3 h6 24. Rg3 Qe7 25. Qh5 Qf6 26. Re1 Rce8 27. Rh3 e5 28. dxe5 Nxe5 29. Rhe3 Nxd3 30. Rxe8 Qxf2+ 31. Kh1 Nxe1 32. Qe2 Rxe8 33. Qxf2 Nd3 34. Qd2 Re1+ 35. Qxe1 Nxe1 36. Kg1 Nd3 37. b3 Kf8 38. Kf1 Nc1 39. c4 dxc4 40. bxc4 bxc4 41. a3 Ke7 42. Ke1 Kd6 43. Kd2 Nb3+ 44. Kc3 Kc5 45. a4 f5 46. g3 g5 47. h3 f4 0-1